000 00973nam0a22002771 4500
001 RU\NLR\INFOCOMM_36\5000221576
005 20250613094958.0
035 _a(NLR Aleph) 009282084
090 _a9167607
_c9167607
100 _a20100920d1982 |||y0rusy50 ca
101 0 _anor
102 _aRU
105 _aa ||||000|y
200 1 _aSovjetisk levesett
_fNikolaj Jefimov
210 _aМ.
_cPressebyrået "Novostis" forl.
_d1982
215 _a85 с., 8 л. цв. ил., портр.
_cцв. ил., портр.
_d17 см
300 _aВ вып. дан.: Советский образ жизни/ Николай Иванович Ефимов
606 _aСоветский образ жизни
_2nlr_sh1
686 _aС556.471
_2rubbk
700 1 _9z01790
_aEfimov
_bN. I.
_f1932-
_gNikolaj Ivanovič
_4070
790 1 _9z01700
_aJefimov
_bN.
_gNikolaj
_4070
801 1 _aRU
_bNLR
_c20100920
801 0 _aRU
_bNLR
_gPSBO
852 _aNLR
_jД01 Д-1/162
942 _cBOOK
980 _aNB